000 00861nam a22002177a 4500
999 _c20314
_d20314
003 AR-CdUCM
008 190528b ||||| |||| 00| 0 spa d
040 _aMUNICIPALIDAD PROVINCIAL DEL CUSCO
_cBIBLIOTECA MUNICIPAL DEL CUSCO
082 _a262.52 /
_bSE45
100 _aSevero Aparicio, O. De M.
_942465
245 _aInflujo de trento en los concilios Limenses /
260 _aMadrid :
_bRaycar,
_c1972.
300 _a29 páginas ;
_c26 cm.
440 _aSeparata de Missionalia Hispanica
_n86 (páginas 215-239)
_942466
505 _aContenido : Deseo de los obispos de América de ir a trento y la oposición de Madrid -- Promulgación de los decretos del trento en el virreynato del Perú -- Concilio Limenses...
650 _aConcilios
_942467
650 _aLima
_9231
650 _aVirreynato del Perú
_942468
942 _2ddc
_cLIBROS
945 _arcc